| 000 | 00608ntaaa2200193 4500 | ||
|---|---|---|---|
| 003 | 01 | ||
| 005 | 20251027203120.0 | ||
| 008 | 0714s1973 ag 01 | ||
| 040 |
_aAR-BaBN _bspa _cAR-BaBN _eaacr _dRIC |
||
| 082 | _a220.0000 So1b | ||
| 100 |
_aSocieddades Bíblicas Unidas _932716 |
||
| 245 | _aDistribución de las Sagradas Escrituras | ||
| 250 | _a1 ed. | ||
| 260 |
_aLondon,México, _cs.f. |
||
| 300 | _a32 p (Mini-manual 2) | ||
| 500 | _aMaterial para la asamblea de las Sociedades Bíblicas Unidas, 25-29 de setiembre de 1972, Addis Abeba, Etiopía | ||
| 650 |
_aBiblia-Divulgación _98636 |
||
| 942 | _cBK | ||
| 999 |
_c26606 _d26606 |
||